000 00472nam a22001577a 4500
005 20251108170959.0
008 250721s1998 xx 000 0 ara d
082 1 4 _a658/بشي
100 1 _aالعلاق، بشير
245 1 0 _aمبادىء الإدارة /
264 1 _aعمان :
_bدار اليازوري العلمية للنشر والتوزيع،
_c1998.
300 _a254ص
650 1 7 _aالإدارة والتنظيم
942 _2ddc
_cBK
999 _c53568
_d53568